000 00694nam a2200229 4500
003 OSt
005 20240717025136.0
006 a
008 240717b |||||||| |||| 00| 0 eng d
020 _a9780205510726
040 _aDWCL-Main lib.
_cOC
082 _2Ninth edition
_aCirc. 371.5 C475b 2008
100 _aCharles, C. M.
245 _aBuilding classroom discipline /
250 _aNinth edition
260 _aBoston:
_bPearson Education, Inc.,
_cc2008.
300 _axxvii,
_b307 p. ;
_c23 cm.
504 _aIncludes bibliographical references and index.
650 _a1. School discipline.
650 _a2. Classroom management.
942 _2ddc
_n0
_cBK-CIRC
_eNinth edition
_kCirc.
999 _c2296
_d2296